Luật an sinh xã hội : Sách hướng dẫn học tập

Giới thiệu khái niệm luật an sinh xã hội, bảo hiểm xã hội, bảo hiểm thất nghiệp, bảo trợ xã hội và bảo hiểm y tế.

Uloženo v:
Podrobná bibliografie
Hlavní autor: Diệp, Thành Nguyên
Médium: Kniha
Jazyk:Undetermined
Vydáno: Cần Thơ Nxb. Đại học Cần Thơ 2015
Témata:
Tagy: Přidat tag
Žádné tagy, Buďte první, kdo otaguje tento záznam!
Thư viện lưu trữ: Trung tâm Học liệu Trường Đại học Cần Thơ
LEADER 00920nam a2200229Ia 4500
001 CTU_229842
008 210402s9999 xx 000 0 und d
082 |a 344.59703 
082 |b Ng527 
100 |a Diệp, Thành Nguyên 
245 0 |a Luật an sinh xã hội : 
245 0 |b Sách hướng dẫn học tập 
245 0 |c Diệp Thành Nguyên (Biên soạn) 
260 |a Cần Thơ 
260 |b Nxb. Đại học Cần Thơ 
260 |c 2015 
520 |a Giới thiệu khái niệm luật an sinh xã hội, bảo hiểm xã hội, bảo hiểm thất nghiệp, bảo trợ xã hội và bảo hiểm y tế. 
650 |a An sinh xã hội,Social security 
650 |x Luật và pháp luật,Law and legislation 
650 |z Việt Nam,Vietnam 
910 |b nthai 
980 |a Trung tâm Học liệu Trường Đại học Cần Thơ